| 000 | 01146cam a2200217 4500 | ||
|---|---|---|---|
| 001 | X123066 | ||
| 008 | 030721n2003 000 0 eng u | ||
| 035 | _a(Sirsi) u123066 | ||
| 100 | _aKalton, M. | ||
| 245 | _aSomething for your e-signature | ||
| 260 | _c2003 | ||
| 490 |
_aEstates Gazette _v(0328) 12 July 2003, 103(1) |
||
| 520 | _aLooks at aims and objectives of the IT in Property Group, a sub-group of the Society for Computers and Law founded in 2001. Its membership is diverse, consisting of property lawyers, IT lawyers, IT managers from law firms, property software developers, legal practice software developers, HM Land Registry personnel and the National Land Information Group. For further information contact Caroline Gould, Society for Computers and Law t +44 (0)1179 237393, www.scl.org. | ||
| 650 | _aIT IN PROPERTY GROUP | ||
| 650 | _aMANAGEMENT-BUSINESS MANAGEMENT-INFORMATION MANAGEMENT | ||
| 650 | _aECONVEYANCING | ||
| 650 | _aE-SIGNATURES | ||
| 690 | _aMANAGEMENT-BUSINESS MANAGEMENT-INFORMATION MANAGEMENT | ||
| 856 |
_uhttps://www.sco.org/ _zView the Society for Computers and Law website... |
||
| 942 | _n0 | ||
| 999 |
_c73074 _d73074 |
||